000 01506cam a22003734i 4500
003 PE-LiUPU
005 20250731184117.0
008 150616s r 000 0 d
035 _a(Sirsi) a5987
040 _aPE-LiUPU
_bspa
_cPE-LiUPU
_erda
049 _aPRUA
082 0 4 _a869.569
_bC421
_223
245 1 0 _aCésar Vallejo: Obras completas (Obra poética).
_cBanco de Crédito del Perú
264 1 _aLima :
_bEdiciones del Centenario,
_c1991.
300 _a906 páginas ;
_c24 centímetros.
336 _atext
_2rdacontent
337 _aunmediated
_2rdamedia
338 _avolume
_2rdacarrier
490 0 _aBiblioteca Clasicos del Perú
504 _aBibliografía: páginas 837-864.
505 0 _aObra poética: poemas juveniles no incluidos en Los Heraldos Negros -- Los Heraldos Negros -- Trilce -- Poemas no recogidos en Trilce -- Poemas humanos -- España, aparta de mí este cáliz -- Indices de poemas, de primeros versos, de primeras versiones, Vallejo,etc.
526 _aP145
526 _aP127
526 _aP97
526 _aP14
526 _aP07
600 0 _aVallejo, César,
_d1892-1938
_xObras completas.
_92461
650 0 4 _aVALLEJO, CESAR, 1893-1938 - OBRAS COMPLETAS.
910 _ajck
942 _2ddc
_cBK
_n0
949 _a869.569 C421
_wDEWEY
_c1
_i32689
_lCCODEBUL1
_mBUL
_p00.00
_r0
_sY
_tBOOK
_u19950926
_xEDUCACION
_0COMPRA
_o.STAFF. Colección General
999 _c57071
_d57071
980 _81
_gALBERTO SANCHEZ Responsable de Automatización